00456nam a2200193Ia 4500008004100000020001800041050001400059100002000073245002500093245002300118260001500141260001600156260000900172300001600181300002000197300001000217300002900227440000600256170918s9999 xx 000 0 und d a9780545509138 bH321 2012 aHarrison, Paula 4aThe secret promise / cby Paula Harrison. aNew York : bScholastic, c2012 a114 pages : billustrations : c19cm. eThe rescue princesses ;  a1